000 00590nam a22002177a 4500
003 OSt
005 20150430140327.0
008 150430b xxu||||| |||| 00| 0 eng d
020 _a0443047820
040 _c04
082 _aWS 100 H878e 1993
100 _a Hull David
_94333
245 _aEssential paediatrics /
_cDavid Hull/ Derek I. Johnston
250 _a3rd ed.
260 _aLondon :
_bChurchill Livingstone;
_c1993.
300 _ax, 365 p :
_bcol.ill;
_c27 cm
504 _aincludes index.
650 _aPaediatrics
_93350
700 _aJohnston Derek I
_94404
942 _2z
_cSLOAN
999 _c1672
_d1672